000 00280nam a2200121Ia 4500
008 221007s9999 xx 000 0 und d
041 _aeng
082 _bTHE
100 _aThe Times
_996999
245 _aTest Your Aptitude
260 _c2006
_bThe Times
_aMumbai
906 _bGeneral
999 _c61485
_d61485